000 00353nam a2200157Ia 4500
003 OSt
005 20240219154923.0
008 170523s9999 xx 000 0 und d
020 _a978-9352737949
040 _ciimt university meerut
100 _aARORA- MN
245 0 _aPRACTICAL COSTING
260 _bSULTAN CHAND
260 _c1995
942 _2ddc
_c02
999 _c505
_d505